| 000 | 005880000a22001570004500 | ||
|---|---|---|---|
| 020 | _a958-21-0112-1 | ||
| 090 | _aAV 0440 | ||
| 100 | 1 | _aPeña, Clemente A. | |
| 245 | 1 | 0 | _aTuga queti apeye queti = Los esposos Tugá y otros cuentos / Clemente A. Peña |
| 260 | _aBogotá : Alberto Lleras Camargo | ||
| 300 | _a21 p. | ||
| 505 | 0 | 0 | _aTuga queti = los esposos Tuga -- Capea orero queti = El sacoaojos -- sico bucuóco queti = el domonio y la vieja |
| 650 | 1 | 4 | _aCUENTOS - INDIGENAS \ CUENTOS - INDIGENAS - TUYUCA \ LENGUAJE Y LENGUAS - INDIGENAS DE COLOMBIA |
| 001 | 17887 | ||
| 942 | _cBK | ||
| 999 |
_c44382 _d44382 |
||